| 000 | 01005ntm a2200265 i 4500 | ||
|---|---|---|---|
| 001 | 103122 | ||
| 003 | ES-MaACL | ||
| 005 | 20231011170407.0 | ||
| 007 | t| | ||
| 008 | 060113m19321933sp |||| | spa d | ||
| 080 | _a061.21(464.27) Ateneo "1932/33" | ||
| 110 | 2 |
_aAteneo de Madrid. _91875 |
|
| 245 | 1 | 0 |
_aActas de la Comisión de Biblioteca 1932 [ _hManuscrito]. |
| 246 | 3 | _aActas de la Comisión de Biblioteca (1932-1933) | |
| 246 | 3 |
_aComisión de Biblioteca, 1932 : _bactas |
|
| 260 |
_aMadrid : _bAteneo de Madrid, _c1932-1933. |
||
| 300 |
_a31 h. ; _c32 cm. |
||
| 505 | 8 | _aContiene: Actas desde 4 de octubre de 1932 a 2 de junio de 1933 | |
| 530 | _aDisponible en formato digital. | ||
| 610 | 2 | 4 |
_aAteneo de Madrid- _vMemorias de Secretaría. _91929 |
| 610 | 2 | 4 |
_aAteneo de Madrid. _bBiblioteca _91951 |
| 852 | 4 |
_aES-MaACL _jR-3388 |
|
| 856 | 4 |
_uhttp://archivo.ateneodemadrid.es/actas-de-la-comisi-n-de-biblioteca-1932-1933;isad _zArchivo del Ateneo de Madrid |
|
| 999 |
_c103122 _d103122 |
||